000 00568cam a2200193 4500500
005 20260329003206.0
041 _afre
042 _adc
100 1 0 _aLacroix, Alexandre
_eauthor
245 0 0 _aUn contre tous, tous contre un !
260 _c2015.
500 _a29
690 _aAlexandre Lacroix
690 _aAltérité
690 _aAutre
690 _aEnfance
786 0 _nPhilosophie magazine | 86 | 2 | 2015-02-01 | p. 1-1 | 1951-1787
856 4 1 _uhttps://shs.cairn.info/magazine-philosophie-magazine-2015-2-page-1?lang=fr&redirect-ssocas=7080
999 _c1822252
_d1822252